000 00763nab a2200277 a 4500
001 150381
003 244057
005 20240712165130.0
008 160318n ||||||||| 000 0 mul d
040 _aCO-BoESAP
_bspa
_cCO-BoESAP
082 _a343.04
245 0 _aLa metodología y la interpretación del derecho tributario
504 _aIncluye notas a pie de página
562 _e2
650 _aAMATUCCI, ANDREA, 1938- --HOMENAJES PÓSTUMOS
650 _aDERECHO FISCAL--METODOLOGÍA
650 _aHACIENDA PÚBLICA
773 _0150374
_aDel derecho de la hacienda pública al derecho tributario :
942 _cBKM
_2ddc
999 _c150381
_d150381
526 _a4969
526 _a19790
526 _a104436
526 _a5144
526 _a51868
526 _a1697